Normal view
MARC view
Entry Topical Term
001 - CONTROL NUMBER
- control field: 50756
003 - CONTROL NUMBER IDENTIFIER
- control field: OSt
005 - DATE AND TIME OF LATEST TRANSACTION
- control field: 20250219161719.0
008 - FIXED-LENGTH DATA ELEMENTS
- fixed length control field: 250219|| aca||aabn | a|a d
040 ## - CATALOGING SOURCE
- Original cataloging agency: OSt
- Transcribing agency: OSt
150 ## - HEADING--TOPICAL TERM
- Topical term or geographic name entry element: Accountability, Local government, Transparency, Scrutiny, Digital society.
670 ## - SOURCE DATA FOUND
- Source citation: Work cat.: (OSt): Aquino, André Carlos Busanelli 50755, Accountability from the periphery to the centre of the local government research agenda
